| 000 | 00667nam a22002417a 4500 | ||
|---|---|---|---|
| 999 |
_c332122 _d332122 |
||
| 001 | 46023 | ||
| 003 | UA-OsUOA | ||
| 005 | 20200225113017.0 | ||
| 007 | ta | ||
| 008 | 20070524b un ||||| |||| 00| 0 ukr d | ||
| 020 | _a577072335 | ||
| 040 |
_aUA-OsUOA _bukr _cUA-OsUOA _dUA-OsUOA |
||
| 041 | _aukr | ||
| 080 | _a908(477) | ||
| 090 |
_a908(477) _bІ-43 |
||
| 100 | _aІларіон | ||
| 245 |
_aКнязь Костянтин Острозький і його культурна праця _bісторична монографія |
||
| 260 |
_aК. _c1992 |
||
| 300 | _a216 с. | ||
| 650 | 7 |
_a908 Краєзнавство _2UDC |
|
| 942 |
_cBK _2udc |
||
| 955 | _a4 | ||